| 000 | 01133nam a22003497a 4500 | ||
|---|---|---|---|
| 003 | CHAP | ||
| 005 | 20220329143721.0 | ||
| 008 | 110404s1982 es a r 00010 spa d | ||
| 010 | _a100832 | ||
| 011 | _a101804 | ||
| 020 | _a8471668084 | ||
| 035 | _a112492 | ||
| 040 | _cCHAP | ||
| 082 | 0 | 4 |
_a641.17 _bP76 |
| 100 | 1 |
_aPolunin, Miriam _990731 |
|
| 245 | 1 | 0 |
_aMinerales para la salud : _bqué son y por qué los necesitamos _c/por Miriam Polunin |
| 260 |
_aMadrid : _bEDAF, _c1982 |
||
| 300 |
_a154 p. : _bilus. |
||
| 490 | _aPlus vitae | ||
| 534 |
_pTít. original _tMinerals what they are and why we need them _cLondres : Thorsons Publishers |
||
| 590 |
_aBATCH-UPD _b10 _c20130110 _lUCH01 _h1111 |
||
| 590 |
_aBATCH-UPD _b10 _c20130410 _lUCH01 _h0702 |
||
| 590 |
_aBATCH-UPD _b10 _c20130914 _lUCH01 _h1819 |
||
| 590 |
_aCONVERSION _b10 _c20130109 _lUCH01 _h1356 |
||
| 650 | 1 | 4 |
_aMinerales _xAnálisis. _975932 |
| 650 | 1 | 4 |
_aNutrición. _982246 |
| 650 | 1 | 4 |
_aSalud. _9101807 |
| 830 | 0 |
_aPlus vitae _989324 |
|
| 901 | _aBK | ||
| 942 | _cLIBRO | ||
| 949 |
_a641.17 P76 _bBC _cLIBRO _d33724002236363 _eLIBRO _h114577 _i112492 _sb _t$1800.00 |
||
| 999 |
_c100832 _d100832 |
||